00303nam a2200133Ia 45000030006000000080041000060400015000471000022000622450026000842500010001102600020001205460012001400050017001520STCL150530s9999 xx 000 0 und d aSTCLcSTCL aSir William, F.B. aCharles George Gordon aFirst bMacmillanc1913 aEnglish20220125171413.0